| 000 | 00875nam a2200325Ia 4500 | ||
|---|---|---|---|
| 003 | LK-CoDNM | ||
| 008 | 010623t1924 xxu||||| |||| 00| 1 sin d | ||
| 040 |
_aLK-CoDNM _dLK-CoDNM _eLK-CoDNM |
||
| 041 | _asin | ||
| 080 | _a104 E.14 | ||
| 100 |
_aBuddhadaasa,R _eed. |
||
| 245 | _aශ්රී ධර්ම ශ්රී | ||
| 246 | _aSri Dharma Sri | ||
| 260 |
_bP.K.W.Siriwardhana _aColombo _c1924 |
||
| 300 | _b76p., 21 cm | ||
| 650 | _a | ||
| 650 | _aAvanti Colony | ||
| 650 | _aAvanti Colony | ||
| 650 | _aBuddhism | ||
| 650 | _aBuddhism Christianity | ||
| 650 | _aDhamma Patisambhidha | ||
| 650 | _aDhamma Patisambhidha | ||
| 650 | _aLord Buddha Buddhism | ||
| 650 | _aLord Buddha Buddhism | ||
| 650 | _aPatibhana Patisambhidha | ||
| 650 | _aPatibhana Patisambhidha | ||
| 650 | _aPeace | ||
| 700 |
_aMalalaseekara,G.p _eed. |
||
| 942 | _cBK | ||
| 999 |
_c92526 _d92526 |
||